| 000 | 01181nam a22003134a 4500 | ||
|---|---|---|---|
| 001 | ebr10300855 | ||
| 003 | CaPaEBR | ||
| 006 | m u | ||
| 007 | cr cn||||||||| | ||
| 008 | 080225s2008 enka s 001 0 eng | ||
| 010 | _z 2008007650 | ||
| 020 | _z9781906465056 (hardcover) | ||
| 040 |
_aCaPaEBR _cCaPaEBR |
||
| 035 | _a(OCoLC)609997386 | ||
| 050 | 1 | 4 |
_aHB95 _b.B88 2008eb |
| 082 | 0 | 4 |
_a330.12/2 _222 |
| 100 | 1 | _aButler, Eamonn. | |
| 245 | 1 | 4 |
_aThe best book on the market _h[electronic resource] : _bhow to stop worrying and love the free economy / _cEamonn Butler. |
| 260 |
_aChichester, UK ; _aHoboken, NJ : _bCapstone, _c2008. |
||
| 300 |
_axi, 160 p. : _bill. |
||
| 500 | _aIncludes index. | ||
| 533 |
_aElectronic reproduction. _bPalo Alto, Calif. : _cebrary, _d2013. _nAvailable via World Wide Web. _nAccess may be limited to ebrary affiliated libraries. |
||
| 650 | 0 | _aFree enterprise. | |
| 650 | 0 | _aEntrepreneurship. | |
| 650 | 0 | _aCompetition. | |
| 655 | 7 |
_aElectronic books. _2local |
|
| 710 | 2 | _aebrary, Inc. | |
| 856 | 4 | 0 |
_uhttp://site.ebrary.com/lib/rucke/Doc?id=10300855 _zAn electronic book accessible through the World Wide Web; click to view |
| 999 |
_c170146 _d170146 |
||